[Event "Michigan Class C"]
[Site "Auburn Hills, MI"]
[Date "2003.04.26"]
[Round "2.8"]
[White "Griffin, John"]
[Black "Brauker, John"]
[Result "1/2-1/2"]
[WhiteElo "1503"]
[BlackElo "1465"]
[PlyCount "112"]
[EventDate "2003.04.26"]

1. d4 Nf6 2. c4 e6 3. Nf3 b6 4. e3 Bb7 5. a3 c5 6. Be2 Be7 7. O-O O-O 8. dxc5
Bxc5 9. Nc3 d5 10. b4 Be7 11. cxd5 Nxd5 12. Bb2 Nd7 13. Nxd5 Bxd5 14. Rc1 Nf6
15. Bc4 Rc8 16. Bxd5 Qxd5 17. Qe2 Qb7 18. Rc2 Rxc2 19. Qxc2 Rc8 20. Qb1 Qe4 21.
Nd2 Qxb1 22. Nxb1 Rc2 23. Be5 Ne4 24. f3 Nd2 25. Nxd2 Rxd2 26. Rc1 Rd7 27. Rc8+
Bd8 28. Kf2 Kf8 29. Ke2 f6 30. Bc3 Ke7 31. b5 g6 32. Bb4+ Ke8 33. a4 Rc7 34.
Rxc7 Bxc7 35. h3 Kd7 36. Kd3 f5 37. f4 h5 38. Bd2 e5 39. fxe5 Bxe5 40. a5 bxa5
41. Bxa5 Ke6 42. Bb4 Kd5 43. Be7 Bc7 44. Bb4 g5 45. Be7 g4 46. hxg4 fxg4 47.
e4+ Ke6 48. Bb4 h4 49. Ke3 h3 50. gxh3 gxh3 51. Kf3 Be5 52. Bc5 Bb8 53. Bd4 Kd7
54. e5 Ke6 55. Be3 Kf5 56. Bf2 Bxe5 1/2-1/2

[Event "Michigan Class C"]
[Site "Auburn Hills, MI"]
[Date "2003.04.26"]
[Round "1.9"]
[White "Griffin, John"]
[Black "Almasy, Roy"]
[Result "0-1"]
[WhiteElo "1503"]
[BlackElo "1429"]
[PlyCount "49"]
[EventDate "2003.04.26"]

1. d4 d5 2. c4 e6 3. Nf3 Nc6 4. e3 Nf6 5. Nc3 Bb4 6. Qc2 Ne4 7. a3 Bxc3+ 8.
bxc3 O-O 9. Nd2 f5 10. cxd5 exd5 11. c4 Be6 12. cxd5 Bxd5 13. Nxe4 fxe4 14. g3
Qf6 15. Bg2 Kh8 16. O-O Rae8 17. Rb1 b6 18. Rb5 Qe6 19. Rb2 Nd8 20. Qd1 Rf3 21.
h3 Nf7 22. Bxf3 exf3 23. Kh2 Ng5 24. g4 Qh6 25. Qxf3 0-1

[Event "Michigan Class B"]
[Site "Auburn Hills, MI"]
[Date "2003.04.26"]
[Round "2.5"]
[White "Gregory, Kevin"]
[Black "Dorrington, Eldon"]
[Result "1/2-1/2"]
[WhiteElo "1714"]
[BlackElo "1641"]
[PlyCount "153"]
[EventDate "2003.04.26"]

1. e4 c5 2. Nf3 Nc6 3. d4 cxd4 4. Nxd4 g6 5. Bc4 Bg7 6. Nxc6 bxc6 7. Qf3 e6 8.
O-O Ne7 9. Nc3 O-O 10. Bf4 Qa5 11. Bd6 Re8 12. Rfe1 Bb7 13. a3 Nc8 14. b4 Qd8
15. e5 Nxd6 16. exd6 Qf6 17. Qxf6 Bxf6 18. Re3 c5 19. b5 Bd4 20. Rh3 Bd5 21.
Bxd5 exd5 22. Rd1 Re5 23. Kf1 Bxc3 24. Rxc3 d4 25. Rc4 Rb8 26. a4 Rb6 27. Rb1
a6 28. Rb3 a5 29. Rd3 Rxd6 30. c3 Rde6 31. g3 Re1+ 32. Kg2 dxc3 33. Rdxc3 R6e4
34. b6 Rxc4 35. Rxc4 Rb1 36. Rxc5 Rxb6 37. Rxa5 Kg7 38. Ra8 Rb3 39. a5 Ra3 40.
a6 Kf6 41. a7 Ke7 42. Kh3 d5 43. Kg2 d4 44. Kf1 Ra2 45. Ke1 d3 46. h4 h5 47. f3
Kf6 48. g4 Re2+ 49. Kd1 Re7 50. Kd2 Rd7 51. gxh5 gxh5 52. Rh8 Rxa7 53. Rxh5 Rd7
54. Rb5 Kg6 55. Rg5+ Kh6 56. Rc5 Rd4 57. Rb5 Rxh4 58. Kxd3 Ra4 59. Ke3 Kg6 60.
Kf2 Ra2+ 61. Kg3 Ra6 62. f4 Ra1 63. Kf3 Rg1 64. Kf2 Rg4 65. Kf3 Rg1 66. Kf2 Ra1
67. Kf3 f6 68. Kf2 Ra3 69. Kg2 Ra8 70. Kf3 f5 71. Ke3 Ra4 72. Kf3 Ra3+ 73. Kf2
Ra6 74. Kf3 Rf6 75. Ra5 Rb6 76. Kg3 Rf6 77. Kf3 1/2-1/2

[Event "Michigan Class D/E"]
[Site "Auburn Hills, MI"]
[Date "2003.04.26"]
[Round "1.3"]
[White "Gibbs, Tony"]
[Black "McNair, Shawn"]
[Result "1-0"]
[WhiteElo "1277"]
[BlackElo "1388"]
[PlyCount "109"]
[EventDate "2003.04.26"]

1. e4 e5 2. Nf3 Nc6 3. Bc4 Nf6 4. Nc3 Nxe4 5. Bxf7+ Kxf7 6. Nxe4 Be7 7. c3 d5
8. Qb3 b6 9. d4 Na5 10. Neg5+ Kf8 11. Qc2 e4 12. Nxe4 dxe4 13. Qxe4 Bb7 14.
Qf4+ Bf6 15. O-O Bxf3 16. Qxf3 Kf7 17. g4 h6 18. Re1 Rf8 19. b3 Kg8 20. Qg2 Bh4
21. Re2 Qd7 22. Bd2 Nc6 23. Rae1 Rae8 24. d5 Rxe2 25. Rxe2 Ne7 26. c4 Ng6 27.
Qe4 Qf7 28. Be1 Nf4 29. Re3 Bxf2+ 30. Kxf2 Qf6 31. Kg3 Qb2 32. a4 h5 33. h3 Qf6
34. Rf3 h4+ 35. Kh2 Qd6 36. Bxh4 Ne2+ 37. Kh1 Rxf3 38. Qxf3 Nd4 39. Qe3 Nc2 40.
Qe6+ Qxe6 41. dxe6 Nd4 42. e7 Kf7 43. b4 Nc6 44. b5 Ne5 45. Bg3 Nxc4 46. Bxc7
Kxe7 47. Bb8 Kd7 48. h4 Kc8 49. Bf4 Kd7 50. Bb8 Kc8 51. Bf4 Kd7 52. h5 Nb2 53.
Be5 Nxa4 54. Bxg7 Nc5 55. h6 1-0

[Event "Michigan Class D/E"]
[Site "Auburn Hills, MI"]
[Date "2003.04.26"]
[Round "3.4"]
[White "Gibbs, Tony"]
[Black "Biondo, Albert"]
[Result "1/2-1/2"]
[WhiteElo "1277"]
[BlackElo "1332"]
[Annotator "Tim McGrew"]
[PlyCount "104"]
[EventDate "2003.04.26"]

{Sicilian} 1. e4 c5 2. Nf3 Nc6 3. Bc4 g6 4. c3 Bg7 5. d4 cxd4 6. cxd4 d6 7. O-O
Nf6 8. Nc3 O-O 9. Bg5 Qb6 ({Both players overlook the trick} 9... Nxe4 $1 10.
Nxe4 d5 {when Black has easy equality.}) 10. b3 Bg4 11. Na4 $2 {This
decentralization definitely looks wrong.} Qc7 (11... Qa5 12. -- {threatens}
Bxf3 13. -- {and} Qxg5) 12. Re1 a6 13. Nc3 b5 14. Be2 Qb6 15. Be3 (15. Bxf6 $1
Bxf6 16. Nd5 $1 {scrambles Black's pawns, giving White a definite advantage.})
15... Qa5 16. Rc1 Rac8 17. h3 Bd7 18. e5 dxe5 19. dxe5 Nxe5 20. Nxe5 Be6 21.
Bd2 b4 22. Na4 $4 {White's knight has an unfortunate affinity for this square
on the edge!} (22. Bc4 bxc3 23. Bxc3 Qc7 24. Bxe6 fxe6 25. Qe2 {leaves White
in a dominating position.}) 22... Rxc1 23. Qxc1 Qxe5 24. Bxb4 Nd5 25. Bxa6 Qh5
26. Bd2 Be5 27. Be2 Qh4 28. Bg5 Qb4 29. Bc4 Qd6 30. Qd1 f6 31. f4 $1 fxg5 32.
Rxe5 Nxf4 33. Qxd6 $1 exd6 34. Bxe6+ Kg7 35. Rxg5 $2 {Walking into a short
fork.} (35. Re4 {keeps the extra piece since} Re8 {is strongly met by} 36. Bd5
$1 $18) 35... Kf6 36. Rg4 Kxe6 37. Nc3 h5 38. Rg5 h4 39. a4 Rc8 40. Nb5 Kf6 41.
Rg4 g5 42. Nxd6 Rc1+ 43. Kh2 Nd3 44. Ne4+ Kf5 45. Nxg5 Nf2 {Threatening mate!}
46. Rxh4 $1 {This is the only good way to meet the threat.} Kxg5 47. g3 Rc2 48.
Kg1 Nxh3+ 49. Rxh3 Kg4 50. Rh2 $2 {Allowing Black a neat resource. #} (50. Rh4+
{keeps winning chances for White despite his dreadful King position, e.g.} Kxg3
51. Rc4 $1 Rb2 52. Rc3+ Kf4 53. a5 {etc.}) 50... Rc1+ $1 51. Kf2 Rc2+ 52. Kg1
Rc1+ {Neither side can afford to break the perpetual.} 1/2-1/2

[Event "Michigan Masters/Experts"]
[Site "Auburn Hills, MI"]
[Date "2003.04.26"]
[Round "1.1"]
[White "Finegold, Ben"]
[Black "Jarosz, Stan"]
[Result "1-0"]
[WhiteElo "2636"]
[BlackElo "2010"]
[PlyCount "77"]
[EventDate "2003.04.26"]

1. d4 d5 2. c4 e6 3. Nc3 Be7 4. cxd5 exd5 5. Bf4 c6 6. e3 Bf5 7. g4 Be6 8. Bd3
Nf6 9. g5 Ne4 10. h4 Nd6 11. Nge2 Bf5 12. Ng3 Bxd3 13. Qxd3 Na6 14. Be5 f6 15.
gxf6 Bxf6 16. Nh5 Qe7 17. Rg1 Bxe5 18. dxe5 Qxe5 19. Rg5 Qh2 20. Nxg7+ Kd7 21.
O-O-O Qxh4 22. Rxd5 cxd5 23. Qxd5 Qf6 24. Qxb7+ Nc7 25. Nb5 Rac8 26. Rxd6+ Qxd6
27. Nxd6 Kxd6 28. Kb1 Kd7 29. Qxa7 Rhf8 30. Qa4+ Ke7 31. Qh4+ Kd6 32. Qh6+ Kd7
33. f4 Rf7 34. Qh3+ Kd8 35. Qxh7 Ne8 36. Qh4+ Kc7 37. Ne6+ Kd6 38. Qh5 Re7 39.
Qe5+ 1-0

[Event "Michigan Class B"]
[Site "Auburn Hills, MI"]
[Date "2003.04.26"]
[Round "1.2"]
[White "Fick II, Douglas"]
[Black "West, Tony"]
[Result "1-0"]
[WhiteElo "1649"]
[BlackElo "1779"]
[PlyCount "59"]
[EventDate "2003.04.26"]

1. e4 c5 2. Nf3 Nc6 3. d4 cxd4 4. Nxd4 Nf6 5. Nc3 e5 6. Ndb5 d6 7. Nd5 Nxd5 8.
exd5 Nb8 9. Be2 Be7 10. O-O a6 11. Nc3 O-O 12. Be3 f5 13. Na4 Nd7 14. c4 Bg5
15. Bxg5 Qxg5 16. Rc1 b6 17. b4 Rf6 18. Re1 Rg6 19. Bf1 e4 20. Rc3 f4 21. Rxe4
Nf6 22. Qf3 Nxe4 23. Qxe4 Bf5 24. Qe1 Qd8 25. c5 dxc5 26. bxc5 Qxd5 27. Nxb6
Re6 28. Qc1 Rxb6 29. cxb6 Rb8 30. Bc4 1-0

[Event "Michigan Class B"]
[Site "Auburn Hills, MI"]
[Date "2003.04.26"]
[Round "3.3"]
[White "Fick II, Douglas"]
[Black "Samuel, Roland"]
[Result "1-0"]
[WhiteElo "1649"]
[BlackElo "1651"]
[PlyCount "105"]
[EventDate "2003.04.26"]

1. e4 c5 2. Nf3 Nc6 3. d4 cxd4 4. Nxd4 Nf6 5. Nc3 e5 6. Ndb5 d6 7. Nd5 Nxd5 8.
exd5 Ne7 9. c4 a6 10. Nc3 g6 11. Be3 Bg7 12. Qd2 O-O 13. Be2 f5 14. f3 f4 15.
Bf2 Nf5 16. Ne4 Nd4 17. b4 Bf5 18. Bd3 Bxe4 19. Bxe4 Qg5 20. Rg1 Rac8 21. Bxd4
exd4 22. Rc1 Rfe8 23. Kd1 Rc7 24. c5 Rec8 25. g3 dxc5 26. bxc5 Rxc5 27. Ke2 Be5
28. Rxc5 Rxc5 29. Rc1 Rc3 30. Rxc3 dxc3 31. Qc1 Qf6 32. Kd3 fxg3 33. hxg3 Bxg3
34. Qxc3 Qxc3+ 35. Kxc3 h5 36. Bxg6 h4 37. Be4 Bf4 38. Bf5 Kf7 39. Kd4 Kf6 40.
Ke4 Bg3 41. f4 b5 42. d6 Bf2 43. Bh3 a5 44. Kd5 b4 45. Kc6 a4 46. f5 b3 47. d7
b2 48. d8=Q+ Ke5 49. Qh8+ Kf4 50. Qxb2 Kg3 51. Qxf2+ Kxf2 52. f6 Kg3 53. Bd7
1-0

[Event "Michigan Class A"]
[Site "Auburn Hills, MI"]
[Date "2003.04.26"]
[Round "3.2"]
[White "Evans Sr., Thomas"]
[Black "Roe, Philip"]
[Result "0-1"]
[WhiteElo "1923"]
[BlackElo "1965"]
[PlyCount "132"]
[EventDate "2003.04.26"]

1. e4 e5 2. Nf3 Nc6 3. Bc4 Nf6 4. Nc3 Nxe4 5. Bxf7+ Kxf7 6. Nxe4 Be7 7. d3 Rf8
8. O-O Kg8 9. h3 d5 10. Ng3 h6 11. c3 Be6 12. Bd2 Bd6 13. Nh2 Qf6 14. Qe2 Rae8
15. Qh5 Bf7 16. Qg4 Bg6 17. Qe2 Nd8 18. Rad1 Ne6 19. Ng4 Qf7 20. Nh1 Nc5 21.
Bxh6 e4 22. d4 Nd3 23. Bc1 Nf4 24. Bxf4 Qxf4 25. Qe3 Qf5 26. Ng3 Qe6 27. Qe2
Bxg3 28. fxg3 Bh5 29. Nf6+ Rxf6 30. Qxh5 Ref8 31. Rxf6 Rxf6 32. Re1 c6 33. Qg5
Qd6 34. Qe3 b5 35. b4 a5 36. a3 Rg6 37. Qf4 Qxf4 38. gxf4 axb4 39. axb4 Rg3 40.
Rc1 Rd3 41. Rc2 Kf7 42. Kf2 Kf6 43. g3 Kf5 44. Kg2 e3 45. Kf3 e2+ 46. Kxe2 Rxg3
47. Kf1 Kxf4 48. Re2 Rxh3 49. Re7 Rxc3 50. Rxg7 Ke3 51. Rg4 Rc1+ 52. Kg2 Rc4
53. Rg6 Kxd4 54. Kf3 Kc3 55. Ke3 Kxb4 56. Kd3 c5 57. Rg1 Rc3+ 58. Kd2 d4 59.
Rb1+ Rb3 60. Ra1 c4 61. Kc2 Rh3 62. Rd1 d3+ 63. Kb2 c3+ 64. Ka2 c2 65. Rg1 Kc3
66. Ka1 Rh8 0-1

[Event "Michigan Class D/E"]
[Site "Auburn Hills, MI"]
[Date "2003.04.26"]
[Round "2.12"]
[White "Dumas, Steve"]
[Black "Worley, Ron"]
[Result "1-0"]
[WhiteElo "1207"]
[BlackElo "1370"]
[PlyCount "89"]
[EventDate "2003.04.26"]

1. c4 Nf6 2. d4 g6 3. Nc3 Bg7 4. e4 d6 5. Bd3 O-O 6. f3 e5 7. Be3 Nc6 8. d5 Ne7
9. g4 a6 10. h4 h5 11. g5 Ne8 12. Nge2 Kh7 13. Qd2 c5 14. O-O-O Bd7 15. Rdf1 b5
16. Nd1 b4 17. b3 Qa5 18. f4 Qa3+ 19. Qb2 Qxb2+ 20. Nxb2 exf4 21. Bxf4 a5 22.
Ng3 a4 23. Bc2 axb3 24. Bxb3 Bxb2+ 25. Kxb2 Ba4 26. Rf3 f5 27. e5 Nc8 28. e6
Nb6 29. Re1 Bxb3 30. axb3 Ra7 31. Ra1 Rb7 32. Rff1 Rb8 33. Ra7+ Kg8 34. Re1 Nc8
35. Rd7 Nb6 36. Re7 Rd8 37. Ra1 Nc8 38. Rb7 Ng7 39. Kc2 Rfe8 40. Re1 Re7 41.
Rb5 Ne8 42. Ra5 Kf8 43. Bc1 Ra7 44. Rxa7 Nxa7 45. e7+ 1-0

[Event "Michigan Class D/E"]
[Site "Auburn Hills, MI"]
[Date "2003.04.26"]
[Round "3.6"]
[White "Dumas, Steve"]
[Black "Sanders, Travis"]
[Result "0-1"]
[WhiteElo "1207"]
[BlackElo "1367"]
[PlyCount "118"]
[EventDate "2003.04.26"]

1. d4 d5 2. Nf3 c6 3. e3 Nf6 4. Bd3 Bg4 5. Nbd2 Nbd7 6. c4 e5 7. e4 exd4 8. O-O
Ne5 9. h3 Bxf3 10. Nxf3 Nxd3 11. Qxd3 dxe4 12. Re1 Be7 13. Qxd4 exf3 14. Qxd8+
Rxd8 15. Bg5 Rd7 16. g4 O-O 17. a3 h6 18. Bh4 g5 19. Bg3 Bd6 20. Bxd6 Rxd6 21.
c5 Rd3 22. b4 Rfd8 23. Kh2 h5 24. a4 Rb3 25. gxh5 Rxb4 26. h6 Kh7 27. Re3 Rf4
28. a5 Ne4 29. a6 Nxc5 30. axb7 Nxb7 31. Rxa7 Rd7 32. Ra6 c5 33. Rc6 c4 34. Re5
f6 35. Rb5 Kxh6 36. Rcb6 Nd8 37. Rc5 Rd2 38. Kg3 Rd1 39. Kh2 Rf1 40. Kg3 Rg1+
41. Kh2 Rg2+ 42. Kh1 Kg6 43. Rb2 Rh4 44. Rxg5+ Kxg5 45. Rb5+ f5 46. Rxf5+ Kg6
47. Rf6+ Kh7 48. Rf7+ Rg7 49. Rxg7+ Kxg7 50. Kh2 c3 51. Kg3 Rxh3+ 52. Kxh3 c2
53. Kg3 c1=Q 54. Kxf3 Qc4 55. Kg2 Qg4+ 56. Kf1 Qf3 57. Ke1 Ne6 58. Kf1 Nf4 59.
Kg1 Qg2# 0-1

[Event "Michigan Class B"]
[Site "Auburn Hills, MI"]
[Date "2003.04.26"]
[Round "3.5"]
[White "Dorrington, Eldon"]
[Black "West, Tony"]
[Result "0-1"]
[WhiteElo "1641"]
[BlackElo "1779"]
[PlyCount "84"]
[EventDate "2003.04.26"]

1. c4 e5 2. Nc3 Nf6 3. g3 Bb4 4. Bg2 O-O 5. Nf3 Re8 6. O-O c6 7. d3 h6 8. Bd2
d5 9. cxd5 cxd5 10. a3 Bf8 11. Rc1 Nc6 12. b4 a6 13. Qb3 Be6 14. Qb2 Qd7 15.
Na4 Rad8 16. Nc5 Bxc5 17. bxc5 e4 18. Nd4 Bh3 19. Nxc6 bxc6 20. Bxh6 Bxg2 21.
Kxg2 Rb8 22. Qa1 d4 23. Bf4 Qd5 24. e3 exd3+ 25. Kg1 dxe3 26. fxe3 Rb5 27. Qd4
Qxd4 28. exd4 Re2 29. Rf2 Re4 30. Kg2 Rxd4 31. Be5 Rd5 32. Bxf6 gxf6 33. Rxf6
Rbxc5 34. Rcf1 Rc2+ 35. R6f2 d2 36. Rd1 c5 37. Kf1 c4 38. Ke2 c3 39. Rf3 Rc1
40. Re3 Rf5 41. g4 Rf1 42. Rxf1 Rxf1 0-1

[Event "Michigan Masters/Experts"]
[Site "Auburn Hills, MI"]
[Date "2003.04.26"]
[Round "2.3"]
[White "Davidovich, Manis"]
[Black "Hamood, Al"]
[Result "1-0"]
[WhiteElo "2117"]
[BlackElo "2074"]
[Annotator "Tim McGrew"]
[PlyCount "35"]
[EventDate "2003.04.26"]

{Sicilian: Smith-Morra} 1. e4 c5 2. d4 cxd4 3. c3 {Hmm. Hasn't anyone told
Manis about the Finegold Defense against this?} dxc3 4. Nxc3 e6 {It doesn't
matter: nobody's told Al about it either!} 5. Nf3 Bc5 6. Bc4 a6 7. O-O d6 8.
Qe2 b5 9. Bb3 Qb6 10. e5 $1 Bb7 11. exd6 Qxd6 12. Rd1 Qe7 13. Ne5 Nf6 14. Bg5
O-O $2 (14... h6) 15. Ng4 $1 {White fastens on the pinned knight before Black
has a chance to reconsider.} Nc6 $2 {This makes it easy for White thanks to a
little tactical detail...} (15... Nbd7 {would compel White to play forcefully
in order to prove an advantage:} 16. Rxd7 $1 Qxd7 17. Nxf6+ $1 gxf6 18. Bxf6 e5
(18... Rfc8 19. Qg4+ Kf8 20. Rd1 $1 {is crushing.}) 19. Bc2 $1 h6 20. Rf1 $1 (
20. Qh5 Bxf2+ 21. Kxf2 Qd2+ {spoils White's fun})) 16. Bxf6 gxf6 17. Rd7 $1 {
Oops -- fork incoming on f6.} Nd4 18. Qd3 1-0

[Event "Michigan Class D/E"]
[Site "Auburn Hills, MI"]
[Date "2003.04.26"]
[Round "1.13"]
[White "Culverson, Javin"]
[Black "Paul, Dennis"]
[Result "1/2-1/2"]
[WhiteElo "1117"]
[BlackElo "1294"]
[PlyCount "51"]
[EventDate "2003.04.26"]

1. e4 c5 2. Nf3 Nc6 3. d4 cxd4 4. Nxd4 e5 5. Nb5 d6 6. N1c3 a6 7. Na3 Nf6 8.
Bg5 Be7 9. Bxf6 Bxf6 10. Nd5 b5 11. Nxf6+ Qxf6 12. c3 O-O 13. Nc2 Bb7 14. g3
Rad8 15. Bg2 Ne7 16. Ne3 Rd7 17. O-O Rfd8 18. f4 exf4 19. Rxf4 Qe5 20. Bh3 f5
21. Nxf5 Bxe4 22. Nxe7+ Rxe7 23. Qd4 Qc5 24. Re1 Rde8 25. Bd7 Rxd7 26. Rexe4
1/2-1/2

[Event "Michigan Class D/E"]
[Site "Auburn Hills, MI"]
[Date "2003.04.26"]
[Round "2.5"]
[White "Crist, Kevin"]
[Black "Gibbs, Tony"]
[Result "1/2-1/2"]
[WhiteElo "1185"]
[BlackElo "1277"]
[PlyCount "90"]
[EventDate "2003.04.26"]

1. d4 d5 2. c4 c6 3. e3 Nf6 4. Nc3 Bf5 5. Nf3 e6 6. Be2 Bb4 7. Bd2 Ne4 8. Nxe4
dxe4 9. Bxb4 exf3 10. Bxf3 a5 11. Ba3 Ra6 12. O-O b5 13. cxb5 cxb5 14. Bc5 Nd7
15. Bb7 Nxc5 16. dxc5 Qxd1 17. Rfxd1 Ra7 18. Bc6+ Ke7 19. Bxb5 Rb8 20. a4 Rc7
21. Rac1 Be4 22. c6 Bd5 23. Rc3 Rb6 24. Rdc1 Kd6 25. e4 Bxe4 26. f3 Bd5 27. Rd1
Ke7 28. b3 Bxc6 29. Rxc6 Rbxc6 30. Bxc6 Rxc6 31. Rd3 Rd6 32. Rc3 Rd2 33. Kf1
Kd6 34. h4 Rb2 35. Rc8 g6 36. Rb8 h5 37. Rb5 f5 38. Rxa5 Rxb3 39. Kf2 f4 40.
Ra6+ Kd5 41. a5 Rb2+ 42. Kf1 Rb1+ 43. Kf2 Rb2+ 44. Kf1 Rb1+ 45. Kf2 Rb2+
1/2-1/2

[Event "Michigan Class D/E"]
[Site "Auburn Hills, MI"]
[Date "2003.04.26"]
[Round "3.1"]
[White "Crane, John"]
[Black "Speight, Timothy"]
[Result "0-1"]
[WhiteElo "1246"]
[BlackElo "1275"]
[PlyCount "44"]
[EventDate "2003.04.26"]

1. d4 Nf6 2. Nf3 e6 3. e3 b6 4. Bd3 Bb7 5. Nbd2 d5 6. Qe2 Nbd7 7. e4 dxe4 8.
Nxe4 c5 9. c3 Qc7 10. g3 Qc6 11. Bb5 Qxe4 12. Bxd7+ Kxd7 13. Qxe4 Nxe4 14. Ne5+
Ke8 15. O-O Bd6 16. f3 Nf6 17. Be3 Bxe5 18. dxe5 Nd5 19. Rae1 Nxe3 20. Rxe3 Rd8
21. Kf2 Ke7 22. Ke2 Ba6+ 0-1

[Event "Michigan Class D/E"]
[Site "Auburn Hills, MI"]
[Date "2003.04.26"]
[Round "3.7"]
[White "Cowans, Winston"]
[Black "Hodge, Larry"]
[Result "0-1"]
[WhiteElo "1196"]
[BlackElo "1320"]
[PlyCount "116"]
[EventDate "2003.04.26"]

1. Nf3 Nf6 2. d4 d5 3. Bf4 Bf5 4. Nc3 e6 5. e3 Bb4 6. Bd3 Bxd3 7. cxd3 O-O 8.
O-O Nbd7 9. Rc1 Rc8 10. Qa4 Bxc3 11. Rxc3 a6 12. Rfc1 c6 13. Qb4 Nb6 14. Bd6
Re8 15. a4 Nxa4 16. R3c2 Nb6 17. Ne5 Nfd7 18. f4 f6 19. Nf3 Ra8 20. h4 a5 21.
Qe1 Nf8 22. Bc5 Nbd7 23. g4 Nxc5 24. dxc5 h6 25. Qg3 Nh7 26. Rh2 Qc7 27. g5
fxg5 28. hxg5 hxg5 29. Nxg5 Nxg5 30. Qxg5 Qf7 31. Rcc2 Qf5 32. Qh4 Kf7 33. Rcg2
Rg8 34. Rg5 Qf6 35. Qg4 g6 36. Qg3 Rg7 37. f5 exf5 38. Rf2 Re8 39. d4 Re7 40.
Rf4 Re4 41. Kf2 Rxf4+ 42. Qxf4 Qe7 43. Rg1 Qd8 44. Re1 b5 45. cxb6 Qxb6 46. Re2
Qd8 47. Rc2 Qd7 48. Rc5 g5 49. Qe5 Rg6 50. Rxa5 Re6 51. Qh2 Qe7 52. Qh7+ Kf6
53. Qh6+ Kf7 54. Qh5+ Kf6 55. Ra3 Qg7 56. Ra1 g4 57. Rg1 Qg5 58. Rh1 Qxe3+ 0-1

[Event "Michigan Class D/E"]
[Site "Auburn Hills, MI"]
[Date "2003.04.26"]
[Round "2.4"]
[White "Cowans, Winston"]
[Black "Bezrutch, Brian"]
[Result "0-1"]
[WhiteElo "1196"]
[BlackElo "1294"]
[PlyCount "120"]
[EventDate "2003.04.26"]

1. Nf3 Nc6 2. d4 d5 3. Bf4 e6 4. c4 Nf6 5. Nc3 Bd6 6. Bxd6 cxd6 7. Qc2 O-O 8.
cxd5 Nb4 9. Qb3 Nbxd5 10. Nxd5 Nxd5 11. e4 Nf6 12. Bd3 b6 13. O-O Bb7 14. Nd2
Rc8 15. Qa3 a6 16. Rfc1 Qd7 17. f3 b5 18. g4 Rc7 19. Rxc7 Qxc7 20. Nb3 Rc8 21.
Rc1 Qb6 22. Rxc8+ Bxc8 23. Qb4 Qc6 24. Kf2 Nd7 25. Na5 Qb6 26. a4 d5 27. e5
bxa4 28. Qxa4 Nf8 29. Qb5 Ng6 30. Kg3 f6 31. Bxg6 hxg6 32. f4 Kf7 33. Qc5 Qxc5
34. dxc5 Bd7 35. c6 Bc8 36. Nb7 Ke7 37. Kf3 g5 38. b4 gxf4 39. Kxf4 g5+ 40. Ke3
fxe5 41. Nc5 e4 42. h3 Kd6 43. Nb7+ Kxc6 44. Nc5 Kb5 45. Nxe4 dxe4 46. Kxe4
Kxb4 47. Ke5 a5 48. Kf6 a4 49. Kxg5 a3 50. h4 a2 51. h5 a1=Q 52. h6 Qe5+ 53.
Kg6 Qh8 54. g5 Qg8+ 55. Kf6 e5 56. g6 Qe6+ 57. Kg7 Qe7+ 58. Kh8 Be6 59. g7 Qe8+
60. Kh7 Bg8+ 0-1

[Event "Michigan Class C"]
[Site "Auburn Hills, MI"]
[Date "2003.04.26"]
[Round "2.9"]
[White "Cottrell-Finegold, Kelly"]
[Black "Holden, Anthony"]
[Result "0-1"]
[WhiteElo "1464"]
[BlackElo "1500"]
[PlyCount "66"]
[EventDate "2003.04.26"]

1. d4 d5 2. c4 f5 3. Nc3 Nf6 4. e3 e6 5. Nf3 Bb4 6. Bd3 Bxc3+ 7. bxc3 Ne4 8.
Bb2 Nd7 9. cxd5 exd5 10. O-O Ndf6 11. h3 h5 12. Ne5 g5 13. c4 g4 14. h4 g3 15.
f3 Nf2 16. Rxf2 gxf2+ 17. Kxf2 Ne4+ 18. fxe4 Qxh4+ 19. Kg1 fxe4 20. Ng6 Qg5 21.
Nxh8 exd3 22. Qf3 Be6 23. c5 O-O-O 24. Nf7 Bxf7 25. Qxf7 Qxe3+ 26. Qf2 Qh6 27.
Qf5+ Kb8 28. Qxd5 h4 29. Rf1 Rg8 30. Kh2 Qg7 31. Qf3 a6 32. Rf2 h3 33. gxh3
Qg1# 0-1

[Event "Michigan Class D/E"]
[Site "Auburn Hills, MI"]
[Date "2003.04.26"]
[Round "3.8"]
[White "Cohle, Stephen"]
[Black "Mandell, Sheldon"]
[Result "1-0"]
[WhiteElo "1010"]
[BlackElo "1301"]
[PlyCount "99"]
[EventDate "2003.04.26"]

1. d4 d5 2. c4 dxc4 3. e4 e6 4. Bxc4 Bb4+ 5. Nc3 Nc6 6. Nf3 Nf6 7. Bg5 h6 8.
Bxf6 Qxf6 9. O-O Bxc3 10. bxc3 e5 11. Re1 Bg4 12. Re3 exd4 13. Rd3 Ne5 14. Qa4+
c6 15. Nxe5 Qxe5 16. cxd4 Qg5 17. Qb3 O-O 18. Rg3 Qh5 19. f3 b5 20. Rxg4 bxc4
21. Qxc4 g5 22. h3 Qg6 23. f4 Qxe4 24. fxg5 Qe3+ 25. Kh2 hxg5 26. Qxc6 f5 27.
Qg6+ Kh8 28. Qh6+ Kg8 29. Rxg5+ Qxg5 30. Qxg5+ Kf7 31. Qxf5+ Ke7 32. Qe5+ Kd7
33. d5 Rae8 34. Qd4 Re7 35. Qxa7+ Ke8 36. Qa4+ Kf7 37. Rf1+ Kg7 38. Rxf8 Kxf8
39. d6 Re8 40. Qd7 Rb8 41. Qe7+ Kg8 42. d7 Kh8 43. d8=Q+ Rxd8 44. Qxd8+ Kh7 45.
Qd6 Kg7 46. a4 Kh7 47. a5 Kg7 48. a6 Kf7 49. a7 Kg7 50. a8=Q 1-0

[Event "Michigan Class B"]
[Site "Auburn Hills, MI"]
[Date "2003.04.26"]
[Round "2.4"]
[White "Burris, David"]
[Black "McCarter, Robert"]
[Result "1/2-1/2"]
[WhiteElo "1759"]
[BlackElo "1600"]
[PlyCount "21"]
[EventDate "2003.04.26"]

1. f4 d5 2. Nf3 g6 3. e3 Bg7 4. Be2 c5 5. O-O Nc6 6. d4 Qb6 7. c3 Nf6 8. Ne5
O-O 9. Nxc6 bxc6 10. Kh1 a5 11. Bf3 {Remainder illegible, 47?} 1/2-1/2

[Event "Michigan Class C"]
[Site "Auburn Hills, MI"]
[Date "2003.04.26"]
[Round "3.9"]
[White "Brauker, John"]
[Black "Foord, Allan"]
[Result "0-1"]
[WhiteElo "1465"]
[BlackElo "1500"]
[PlyCount "79"]
[EventDate "2003.04.26"]

1. d4 Nf6 2. c4 g6 3. Nc3 d5 4. cxd5 Nxd5 5. e4 Nxc3 6. bxc3 Bg7 7. Bc4 c5 8.
Ne2 cxd4 9. cxd4 Nc6 10. Be3 O-O 11. O-O e6 12. Rc1 Bd7 13. d5 exd5 14. exd5
Na5 15. Nd4 Nxc4 16. Rxc4 Rc8 17. Qb3 Rxc4 18. Qxc4 Qc8 19. Rc1 Qxc4 20. Rxc4
Rc8 21. Rxc8+ Bxc8 22. Nb3 b6 23. Kf1 Ba6+ 24. Ke1 Kf8 25. Kd2 Ke7 26. Bf4 Kd7
27. Ke3 Bf8 28. Kd4 Bd6 29. Bxd6 Kxd6 30. Nd2 f5 31. Nc4+ Bxc4 32. Kxc4 a6 33.
a4 f4 34. f3 g5 35. h3 h6 36. Kd4 b5 37. a5 h5 38. Ke4 b4 39. Kd4 b3 40. Kc3
0-1

[Event "Michigan Class C"]
[Site "Auburn Hills, MI"]
[Date "2003.04.26"]
[Round "1.6"]
[White "Brauker, John"]
[Black "Choate, Eric"]
[Result "0-1"]
[WhiteElo "1465"]
[BlackElo "1516"]
[PlyCount "82"]
[EventDate "2003.04.26"]

1. d4 d5 2. c4 c6 3. Nf3 Nf6 4. Nc3 e6 5. e3 Bd6 6. Bd3 Nbd7 7. cxd5 exd5 8.
O-O O-O 9. a3 h6 10. Re1 Re8 11. b4 a6 12. Na4 Ne4 13. Nc5 Ng5 14. Bf5 Nxc5 15.
Bxc8 Rxc8 16. bxc5 Bb8 17. Nxg5 Qxg5 18. e4 Qh4 19. e5 f6 20. f4 fxe5 21. fxe5
Rf8 22. Be3 Rf7 23. Qe2 Rcf8 24. Rf1 Qe4 25. Rae1 Bc7 26. Rxf7 Rxf7 27. Bf2 Qf4
28. g3 Qf5 29. Kg2 Ba5 30. Rf1 Bc3 31. Bg1 Qxf1+ 32. Qxf1 Rxf1 33. Kxf1 Kf7 34.
Ke2 Bb2 35. a4 Bc3 36. Kf3 Ke6 37. h3 g5 38. Kg4 Be1 39. Be3 a5 40. Kh5 Bxg3
41. Kxh6 Bf4 0-1

[Event "Michigan Class D/E"]
[Site "Auburn Hills, MI"]
[Date "2003.04.26"]
[Round "2.8"]
[White "Biondo, Albert"]
[Black "Culverson, Javin"]
[Result "1-0"]
[WhiteElo "1332"]
[BlackElo "1117"]
[PlyCount "57"]
[EventDate "2003.04.26"]

1. e4 Nf6 2. Nc3 d5 3. exd5 Nxd5 4. Nf3 Nxc3 5. bxc3 b6 6. Bc4 e6 7. O-O Bd6 8.
Re1 O-O 9. d4 Bb7 10. Bg5 Qd7 11. Ne5 Bxe5 12. dxe5 Qc6 13. Bf1 Nd7 14. Qg4
Rfe8 15. Re3 Kf8 16. a4 Nxe5 17. Rxe5 f6 18. Qf4 Ke7 19. Rae1 Rad8 20. Rxe6+
Qxe6 21. Rxe6+ Kxe6 22. Qg4+ Kf7 23. Qh5+ Kg8 24. Be3 Re5 25. Qh3 c5 26. Qg3
Rd1 27. h4 Ba6 28. Qf3 Bxf1 29. Qxd1 1-0